ეკონომიკა (EKONOMICS) (ბიბ.ჩანაწერი № 36830)
[ მარტივი ფორმატი ]
| 000 -ლიდერი | |
|---|---|
| ფიქსირებული სიგრძის საკონტროლო ველი | 00994nam a2200205Ia 4500 |
| 003 - საკონტროლო ნომრის იდენტიფიკატორი | |
| საკონტროლო ველი | Ge_BSU |
| 005 - ბოლო ოპერაციის თარიღი და დრო | |
| საკონტროლო ველი | 20211119133236.0 |
| 008 - ფიქსირებული სიგრძის მონაცემთა ელემენტები - ზოგადი ინფორმაცია | |
| ფიქსირებული სიგრძის საკონტროლო ველი | 181216s1997||||ge |||||||||||||| ||geo|| |
| 041 ## - ენის კოდი | |
| Language code of text/sound track or separate title | geo |
| 080 ## - უნივერსალური ათობითი კლასიფიკაციის ინდექსი | |
| Universal Decimal Classification number | 330.110(075.8) ფ–67 |
| 100 ## - მთავარი ჩანაწერი - პიროვნების სახელი | |
| Personal name | ფიშერი, რ. |
| 9 (RLIN) | 433 |
| 245 ## - ცნობა სათაურის შესახებ | |
| Title | ეკონომიკა (EKONOMICS) |
| Remainder of title | ოთხ ტომად : ტ 1. / |
| Statement of responsibility, etc | ს.ფიშერი, რ.დორნბუში, რ. შმალენზი, მთარგმნ : და პ|მგ.რედ :კარლო ღურწკაია. |
| 264 ## - წარმოების, გამოცემის, დისტრიბუციის და სხვა ცნობები | |
| გამოცემის, წარმოების, დისტრიბუციის... ადგილი | თბილისი, |
| გამოცემის, წარმოების, დისტრიბუციის... თარიღი | 1997. |
| 300 ## - ფიზიკური აღწერა | |
| Extent | 506 გვ : |
| Dimensions | 20 სმ . |
| 653 ## - INDEX TERM--UNCONTROLLED | |
| Uncontrolled term | ეკონომიკის თეორია |
| 700 ## - ADDED ENTRY--PERSONAL NAME | |
| Personal name | დორნბუში, რ. |
| 9 (RLIN) | 434 |
| Relator term | ავტორი |
| 700 ## - ADDED ENTRY--PERSONAL NAME | |
| Personal name | შმალენზი, რ. |
| 9 (RLIN) | 435 |
| Relator term | ავტორი |
| 700 ## - ADDED ENTRY--PERSONAL NAME | |
| Personal name | ღურწკაია, კარლო |
| Relator term | პასუხისმგებელი რედაქტორი |
| 9 (RLIN) | 436 |
| 942 ## - ADDED ENTRY ELEMENTS (KOHA) | |
| Koha item type | წიგნი |
| Source of classification or shelving scheme | |
| ჩამოწერის სტატუსი | დაკარგული ეგზემპლარის სტატუსი | კლასიფიკაციის წყარო ან თაროზე გაწყობის სქემა | დაზიანების სტატუსი | არ გაიცემა | მუდმივი მდებარეობა (დაცვის ადგილი) | ამჟამინდელი ადგილსამყოფელი | თაროზე განთავსების ადგილი | შეძენის თარიღი | ღირებულება, შესყიდვის ნორმალური ფასი | სრული შენახვის შიფრი | შტრიხკოდი | ბოლო ოპერაციის თარიღი | ეგზემპლარის მიმდევრობითი ნომერი (კეტერი?) | ფასის ძალაში შესვლის თარიღი | ეგზემპლარის სახეობა | საჯარო შენიშვნა |
|---|---|---|---|---|---|---|---|---|---|---|---|---|---|---|---|---|
| ბათუმის შოთა რუსთაველის სახელმწიფო უნივერსიტეტის მთავარი ბიბლიოთეკა | ბათუმის შოთა რუსთაველის სახელმწიფო უნივერსიტეტის მთავარი ბიბლიოთეკა | წიგნსაცავი | 2018-12-17 | 15.00 | 330.110(075.8) ფ–67 | 7665 | 2018-12-17 | 7665 | 2018-12-17 | წიგნი | 15 ლ. | |||||
| ბათუმის შოთა რუსთაველის სახელმწიფო უნივერსიტეტის მთავარი ბიბლიოთეკა | ბათუმის შოთა რუსთაველის სახელმწიფო უნივერსიტეტის მთავარი ბიბლიოთეკა | წიგნსაცავი | 2018-12-17 | 15.00 | 330.110(075.8) ფ–67 | 7666 | 2018-12-17 | 7666 | 2018-12-17 | წიგნი | 15 ლ. | |||||
| ბათუმის შოთა რუსთაველის სახელმწიფო უნივერსიტეტის მთავარი ბიბლიოთეკა | ბათუმის შოთა რუსთაველის სახელმწიფო უნივერსიტეტის მთავარი ბიბლიოთეკა | წიგნსაცავი | 2018-12-17 | 15.00 | 330.110(075.8) ფ–67 | 7667 | 2018-12-17 | 7667 | 2018-12-17 | წიგნი | 15.ლ | |||||
| ბათუმის შოთა რუსთაველის სახელმწიფო უნივერსიტეტის მთავარი ბიბლიოთეკა | ბათუმის შოთა რუსთაველის სახელმწიფო უნივერსიტეტის მთავარი ბიბლიოთეკა | წიგნსაცავი | 2018-12-17 | 15.00 | 330.110(075.8) ფ–67 | 7668 | 2018-12-17 | 7668 | 2018-12-17 | წიგნი | 15 ლ. | |||||
| ბათუმის შოთა რუსთაველის სახელმწიფო უნივერსიტეტის მთავარი ბიბლიოთეკა | ბათუმის შოთა რუსთაველის სახელმწიფო უნივერსიტეტის მთავარი ბიბლიოთეკა | წიგნსაცავი | 2018-12-17 | 15.00 | 330.110(075.8) ფ–67 | 7669 | 2018-12-17 | 7669 | 2018-12-17 | წიგნი | 15 ლ. | |||||
| ბათუმის შოთა რუსთაველის სახელმწიფო უნივერსიტეტის მთავარი ბიბლიოთეკა | ბათუმის შოთა რუსთაველის სახელმწიფო უნივერსიტეტის მთავარი ბიბლიოთეკა | წიგნსაცავი | 2024-06-04 | 8.00 | 330.110(075.8) ფ–67 | 65966 | 2024-06-04 | 65966 | 2024-06-04 | წიგნი | 8.00 |
